00377nam a2200085 4500100009800000245007800098260006600176300001000242650003900252 aThakur, B.R.uDepartment of Geography, Himanchal Pradesh UniversityvShimla, Himachal Pradesh aNon-tribal areas of Himachal Pradesh problem and prospects /cB.R. Thakur aNew Delhi :bIndian Council of Social Science Research,c2013 a325p. aNon-tribal areaszHimachal Pradesh